Flagi Państw Świata w 1960 Roku - Statystyki

Ogólne statystyki
  • Ten quiz został rozwiązany 35 razy
  • Średni wynik to 20 z 32
Statystyki odpowiedzi
Obrazkowy Odpowiedź % Poprawnych
Chile
100%
Japonia
100%
Polska
100%
Węgry
96%
Afganistan
91%
Czechosłowacja
91%
Etiopia
87%
Argentyna
83%
Dania
83%
Hiszpania
83%
Syria
83%
Tunezja
83%
Mongolia
78%
ZSRR
78%
NRD
74%
Filipiny
70%
Honduras
70%
Jugosławia
70%
Surinam
70%
Kamerun
57%
Kanada
57%
RFN
57%
Fidżi
43%
Malta
39%
Kenia
35%
Gwinea-Bissau
26%
Uganda
26%
Cypr
22%
Lesotho
22%
Rwanda
22%
Sierra Leone
17%
Jamajka
9%
Nie znaleziono quizów pasujących do podanych kryteriów
Rozkład punktacji
Procent ludzi z każdym wynikiem
Percentyl według liczby udzielonych odpowiedzi
Twoja historia wyników
Nie rozwiązałeś tego quizu